Statystyki dla Jakie europejskie państwa NIE istniały w 1914?

Kliknij tutaj aby rozwiązać quiz!

Ogólne statystyki

  • Ten quiz został rozwiązany 236 razy
  • Średni wynik to 16 z 20

Statystyki odpowiedzi

Odpowiedź% Poprawnych
Polska
97%
Ukraina
94%
Litwa
94%
Łotwa
94%
Estonia
93%
Białoruś
91%
Kosowo
89%
Słowacja
89%
Chorwacja
88%
Czechy
88%
Bośnia i Hercegowina
88%
Słowenia
86%
Mołdawia
84%
Finlandia
77%
Macedonia Północna
74%
Islandia
74%
Irlandia
73%
Watykan
64%
Malta
63%
Kazachstan
43%

Rozkład punktacji

Percentyl według liczby udzielonych odpowiedzi

Procent ludzi z każdym wynikiem

Twoja historia wyników

Nie rozwiązałeś tego quizu